00461nam a2200193 a 4500001001300000003000900013005001700022008004100039020001000080082001300090100001700103245003400120260002300154300000900177500003500186505001000221650001900231700001700250nice12345678IN_TiNIC20260116012615.0050524s1897 lona grp 000 0 eng  ac10000a270bROB aRobertson, A aAuthority in Matters of Faith aLondonbSpckc1897 a268p aincludes index and biblioraphy2 aIndex aChurch-History1 aRobertson, A